|
|
|
|
| LEADER |
00000nam0a2200000 4500 |
| 001 |
45088 |
| 005 |
20231101210928.0 |
| 035 |
|
|
|a (RuTPU)RU\TPU\book\46841
|
| 090 |
|
|
|a 45088
|
| 100 |
|
|
|a 20021130d1979 m y0rusy50 ca
|
| 101 |
0 |
|
|a rus
|
| 102 |
|
|
|a RU
|
| 105 |
|
|
|a a j 000zy
|
| 200 |
1 |
|
|a Сборник вопросов и задач по физической химии для самоконтроля
|e учебное пособие
|f А. Г. Атанасянц [и др.]
|g под ред. С. Ф. Белевского
|
| 210 |
|
|
|a Москва
|c Высшая школа
|d 1979
|
| 215 |
|
|
|a 119 с.
|c ил.
|
| 300 |
|
|
|a Авт. указаны на обороте тит. л.
|
| 606 |
1 |
|
|a Физическая химия
|2 stltpush
|3 (RuTPU)RU\TPU\subj\67669
|9 83390
|
| 610 |
1 |
|
|a молекулярная спектроскопия
|
| 610 |
1 |
|
|a термодинамика
|
| 610 |
1 |
|
|a термохимия
|
| 610 |
1 |
|
|a статистическая термодинамика
|
| 610 |
1 |
|
|a молекулярная статистика
|
| 610 |
1 |
|
|a фазовое равновесие
|
| 610 |
1 |
|
|a идеальные растворы
|
| 610 |
1 |
|
|a реальные растворы
|
| 610 |
1 |
|
|a химическое равновесие
|
| 610 |
1 |
|
|a электролиты
|
| 610 |
1 |
|
|a растворы
|
| 610 |
1 |
|
|a гальванические элементы
|
| 610 |
1 |
|
|a кинетика
|
| 610 |
1 |
|
|a диффузия
|
| 610 |
1 |
|
|a катализ
|
| 610 |
1 |
|
|a адсорбция
|
| 610 |
1 |
|
|a задачи
|
| 610 |
1 |
|
|a вопросы
|
| 610 |
1 |
|
|a самоконтроль
|
| 610 |
1 |
|
|a практические пособия
|
| 610 |
1 |
|
|a учебные пособия
|
| 610 |
1 |
|
|a библиотека А. Г. Стромберга
|
| 675 |
|
|
|a 544(076)
|v 3
|
| 701 |
|
1 |
|a Атанасянц
|b А. Г.
|g Анатолий Георгиевич
|
| 701 |
|
1 |
|a Белевский
|b С. Ф.
|g Станислав Федорович
|
| 701 |
|
1 |
|a Каретников
|b Г. С.
|g Герман Сергеевич
|
| 701 |
|
1 |
|a Никитин
|b К. Н.
|g Кирилл Николаевич
|
| 701 |
|
1 |
|a Старастенко
|b Е. П.
|g Екатерина Павловна
|
| 702 |
|
1 |
|a Белевский
|b С. Ф.
|g Станислав Федорович
|4 340
|
| 801 |
|
1 |
|a RU
|b 63413507
|c 20021130
|g PSBO
|
| 801 |
|
2 |
|a RU
|b 63413507
|c 20171004
|g PSBO
|
| 942 |
|
|
|c BK
|